000 00618pab a2200205 454500
008 180718b2009 xxu||||| |||| 00| 0 eng d
100 _aSindhu, J.S.
245 _aTank irrigation and sustainable agricultural development - a case study of Madurantakam tank in Tamil Nadu
260 _c2009
300 _ap.349-60.
362 _aOct-Dec
650 _aAgricultural development - India - Tamil Nadu
650 _aSustainable agriculture - India - Tamil Nadu
650 _atank
650 _aIrrigation - India - Tamil Nadu
650 _aIrrigation
773 _aISDA Journal
908 _aN
909 _a86035
999 _c86035
_d86035